000 00372cam a22001337a 4500
008 180718b1976 xxu||||| |||| 00| 0 eng d
082 _aP V99
100 _aVyas, Ram Narayan
245 _aEducation and human society
_cby Ram Narayan Vyas
260 _aDelhi
_bAjanta
_c1976
300 _a112p.
650 _aEducational sociology --India
650 _aEducational sociology
999 _c356127
_d356127